Представление документа в формате RUSMARC

ПолеНазваниеЗначение
  Тип записи a
  Библиографический уровень m
001 Контрольный номер RU/SLIB/B/208713250
005 Дата корректировки 20201206203918.9
010 Индекс ISBN __
d Цена 25-00
101 Язык документа __
a Язык текста rus
c Язык оригинала rus
200 Заглавие и сведения об ответственности 1_
a Заглавие Народное образование Тюменской области
e Сведения, относящиеся к заглавию метод. разраб. в помощь лектору, пропагандисту
f Первые сведения об ответственности В. Г. Новиков ; О-во "Знание" РСФСР, Тюм. обл.орг.
b Общее обозначение материала Текст
210 Выходные данные __
a Место издания Тюмень
c Издательство Тюм. правда
d Дата издания 1983
215 Физическое описание __
a Объем 28 с.
300 Общие примечания __
a Общие примечания К 60-летию образования РСФСР
330 Аннотация __
a Аннотация Полный отчет о состоянии народного образования в Тюменской области за последние 60 лет Советской власти. Проделан исторический анализ народного просвещения в дореволюционный период.
606 Тематические рубрики __
a Основная рубрика История образования
a Основная рубрика Образование. Педагогика
y Географическая подрубрика СССР; РСФСР; Тюменская область; Тобольская губерния
610 Ключевые слова __
a Ключевые слова краеведение; народное образование; народное просвещение; советское образование
686 Индексы других классификаций __
a Классификационный индекс К74.03(2)6
700 Автор _1
a Фамилия Новиков
b Имя В. Г.
4 Код отношения 070
801 Источник записи _0
a Страна RU
b Организация Муниципальное бюджетное учреждение культуры "Централизованная библиотечная система" г. Сургут (Центральная городская библиотека им. А. С. Пушкина)
g Правила каталогизации КиК/Поспелова
801 Источник записи _1
a Страна RU
b Организация Муниципальное бюджетное учреждение культуры "Централизованная библиотечная система" г. Сургут (Центральная городская библиотека им. А. С. Пушкина)
g Правила каталогизации КиК/Поспелова
852 Данные о местонахождении __
j Шифр хранения К74.03(2)6
c Каталожный индекс К74.03(2)
i Авторский знак Н 72
p Инвентарный номер Б/Н
901 Тип документа __
t Тип документа m
903 Характеристики (МАРС) __
a Дата передачи 20010726
990 Данные о заказе (DOS) __
h N записи в КСУ для Б/У (DOS) 200107
j Количество экземпляров (DOS) 1